000 00845nam a2200265 i 4500
001 bg
100 1 _aDZIUBIŃSKI, Mieczysław
245 1 0 _aElektrotechnika i elektronika samochodowa /
_cM. Dziubiński, J. Ocioszyński, S. Walusiak ; Politechnika Lubelska.
260 _aLublin :
_bWydaw. Uczelniane PL,
_c1999.
300 _a371 s. :
_brys., wykr. ;
_c24 cm.
504 _aBibliogr. s. 365-367, wykaz norm s. 367-371.
650 9 _aSamochody
_xelektronika
650 9 _aSamochody
_xelektrotechnika
655 _aPodręczniki akademickie
700 1 _aOCIOSZYŃSKI, Jerzy
700 1 _aWALUSIAK, Stanisław
710 0 _aPolitechnika Lubelska
020 _a8387270490
040 _cBPK
041 0 _apl
080 _a629.33:621.3](075.8)
920 _a83-87270-49-0
942 _cKS
008 s pl f |000 0 pol
999 _c38448
_d38448
856 _uhttp://koha.tu.koszalin.pl/cgi-bin/koha/opac-detail.pl?biblionumber=38448
_yKatalog online BPK